000 00518nam a2200193 4500
003 OSt
005 20240715020917.0
006 a
008 240715b |||||||| |||| 00| 0 eng d
020 _a9715101119
040 _aDWCL-Main lib.
_cOC
082 _aFil. 291.6 M333p 1997
100 _aMaribao, Joel L.
245 _aPinoy religious leader /
260 _aPhilippines:
_bLogos Publications, Inc.,
_cc1997.
300 _b167 p. ;
_c23 cm.
504 _aIncludes references.
942 _2ddc
_n0
_cBK - FIL
_kFil.
999 _c2154
_d2154